000 00573nam a22002177a 4500
005 20170124110113.0
010 _aA-597044
020 _c00.00
035 _aA-597044
037 _bCen Lib/Ret
040 _aDPL
_bEN
082 _aS
_bDOC
245 _aDoctor and patient /
_cedited by M V Kamath [and] Rekha Karmarkar
250 _a2nd ed.
260 _aNew Delhi
_bUBS Publishers
_c1993
270 _bNew Delhi
_a5 Ansari Road
_e110002
300 _a262p.
_c21cm(Hb)
650 _aLiterature
_96262
650 _aShort stories
_944
942 _2ddc
_cEN
_hS
_mDOC
999 _c130572
_d130572